Bučinári 60 : spomienky /

Gespeichert in:
Bibliographische Detailangaben
1. Verfasser: Jackuliak, Július (VerfasserIn)
Format: Buch
Sprache:Slowakisch
Veröffentlicht: [S.l.] : FEELING, 2005
Ausgabe:[1. vyd.]
Schlagworte:
ISBN:8096798138
Online-Zugang: Volltext
Tags: Tag hinzufügen
Keine Tags, Fügen Sie den ersten Tag hinzu!

MARC

LEADER 00000nam a2200000 4500
003 SK-BrCVT
005 20220617212527.0
008 060522s2005 xo e ||||||slo d
020 |a 8096798138 
035 |a CVTIDW1205034 
040 |b slo  |a CVTI SR  |e AACR2 
041 0 |a slo 
044 |a xo 
080 |a 674  |2 UDC-MRF 
100 1 |a Jackuliak, Július  |4 aut 
245 1 0 |a Bučinári 60 :  |b spomienky /  |c Július Jackuliak 
250 |a [1. vyd.] 
260 |a [S.l.] :  |b FEELING,  |c 2005 
300 |a 254 s. :  |b fotogr., lit., obr. ; 
653 1 |a história  |a súčasnosť  |a perspektívy 
692 |a DP JM  |j MM 
910 |b A597565 
919 |a 80-967981-3-8 
974 |f Knihy 
992 |a APH 
999 |c 131984  |d 131984